000 01213nam a2200289 a 4500
999 _c20341
_d20341
005 20181022085459.0
008 160229s2015 ck a gr 00010 spa d
020 _a9789585862524 (Colección)
020 _a9789585862531 (Sustrato)
040 _aCO-BoBLA
_cCO-BoBLA
_dCO-BoIAVH
041 0 _aspa
044 _ack
082 0 4 _a709.8
_bD69s2
245 1 0 _aMiguel Ángel Rojas :
_bsustrato /
_cJosé Ignacio Roca, Alejandro Martín ; traductores Erika Tanacs, Felipe Cammaert ; prologuista Moacir Dos Anjos.
250 _aPrimera edición
260 _aBogotá (Colombia) :
_bSeguros Bolívar,
_c2015.
300 _a112 páginas :
_bfotografías ;
_c29 x 25 cm.
490 0 _aColección de Arte Contemporáneo Seguros Bolívar
504 _aIncluye referencias bibliográficas.
600 1 0 _aRojas, Miguel Ángel
_d1946-
_xTrabajos pictóricos
_vExposiciones
650 2 4 _aArte colombiano
_vExposiciones
_vCatálogos
650 0 _aArtistas plásticos colombianos
_vExposiciones
_vCatálogos
700 1 _aRoca, José Ignacio
_eeditor
700 1 _aMartín, Alejandro
_eeditor
700 1 _aRojas, Miguel Ángel
_d1946-
_eilustrador
942 _2ddc
_cLIBRO